<?xml version="1.0" encoding="UTF-8"?>
<collection xmlns="http://www.loc.gov/MARC21/slim">
<record>
  <controlfield tag="001">5570</controlfield>
  <controlfield tag="005">20220120124138.0</controlfield>
  <datafield tag="037" ind1=" " ind2=" ">
    <subfield code="a">POSTER-2022-0003</subfield>
  </datafield>
  <datafield tag="100" ind1=" " ind2=" ">
    <subfield code="a">Samuel, Henri</subfield>
  </datafield>
  <datafield tag="245" ind1=" " ind2=" ">
    <subfield code="a">Mars seismic structure with a compositional stratification in the deep mantle.</subfield>
  </datafield>
  <datafield tag="260" ind1=" " ind2=" ">
    <subfield code="c">2021</subfield>
  </datafield>
  <datafield tag="269" ind1=" " ind2=" ">
    <subfield code="c">2021-12-15</subfield>
  </datafield>
  <datafield tag="520" ind1=" " ind2=" ">
    <subfield code="a">Deep reflected phases present in the seismic recordings from the InSight mission have recently been identified as core reflected phases, and indicate that the core size of Mars spans the higher end of InSight pre-mission estimates [1]. This large core size together with the current knowledge of Mars composition also suggest by mass balance a substantial amount of light elements in addition to a large fraction of Sulfur in the core. Like many terrestrial planets differentiated into a metallic core and a silicate mantle, Mars probably experienced an early global magma ocean stage. The crystallization of such a magma ocean likely led to the formation of a compositionally distinct layer at the bottom of the mantle [2], heavily enriched in heat-producing elements and in iron, leading to long-term stability with little mixing between the layer and the overlying mantle. The presence of such a layer can strongly affect the evolution of the planet and its present-day state. In particular, it often results in the presence of a molten silicate layer above the core [3] that could act as a deep seismic reflector. We thus considered alternatively deep reflected phases that would correspond to reflections above the core-mantle boundary (CMB), at the interface between the dense molten basal layer and the overlying solid or partially molten silicate mantle. To do so, we conducted Monte Carlo inversions of seismic data, where Mars’ history is part of the forward problem [4]: instead of varying independently seismological parameters along the inversion process we model the thermochemical evolution of Mars' main envelopes: a liquid core, a dense enriched silicate layer above the CMB, overlaid by a less dense and more depleted silicate mantle, convecting under a stagnant lithospheric lid. This approach allows to test the alternative hypothesis of the presence of a basal molten layer at the top of Mars' core, along with the associated consequences on t</subfield>
  </datafield>
  <datafield tag="536" ind1=" " ind2=" ">
    <subfield code="a">3PRODPLANINT/</subfield>
    <subfield code="c">3PRODPLANINT/</subfield>
    <subfield code="f">3PRODPLANINT</subfield>
  </datafield>
  <datafield tag="594" ind1=" " ind2=" ">
    <subfield code="a">NO</subfield>
  </datafield>
  <datafield tag="700" ind1=" " ind2=" ">
    <subfield code="a">Drilleau, Melanie</subfield>
  </datafield>
  <datafield tag="700" ind1=" " ind2=" ">
    <subfield code="a">Garcia, Raphael F.</subfield>
  </datafield>
  <datafield tag="700" ind1=" " ind2=" ">
    <subfield code="a">Rivoldini, Attilio</subfield>
  </datafield>
  <datafield tag="700" ind1=" " ind2=" ">
    <subfield code="a">Lognonné, Philippe Henri</subfield>
  </datafield>
  <datafield tag="700" ind1=" " ind2=" ">
    <subfield code="a">Staehler, Simon C</subfield>
  </datafield>
  <datafield tag="700" ind1=" " ind2=" ">
    <subfield code="a">Khan, Amir</subfield>
  </datafield>
  <datafield tag="700" ind1=" " ind2=" ">
    <subfield code="a">Banerdt, William Bruce</subfield>
  </datafield>
  <datafield tag="773" ind1=" " ind2=" ">
    <subfield code="t">AGU Fall Meeting 2021, New Orleans, online</subfield>
  </datafield>
  <datafield tag="856" ind1="0" ind2=" ">
    <subfield code="f">attilio.rivoldini@observatoire.be</subfield>
  </datafield>
  <datafield tag="980" ind1=" " ind2=" ">
    <subfield code="a">CPOSTER</subfield>
  </datafield>
</record>
</collection>